| 000 | 00906nmc a2200349 a 4500 | ||
|---|---|---|---|
| 003 | AR-BaBNM | ||
| 005 | 20251128203641.0 | ||
| 008 | 217019s1964 ||||||||||||||000 | spa|| | ||
| 040 | _cAR-BaBNM | ||
| 100 | 1 | _aPrudhommeau, M. | |
| 245 | 1 | 0 | _aEducación de la infancia anormal |
| 250 | _a2ª ed. | ||
| 260 |
_aBarcelona _bMiracle _c1964 |
||
| 300 | 0 |
_a149 p. _bgráfs. |
|
| 490 | 0 |
_aPaideia _vv. 21 |
|
| 650 | 4 | _aEDUCACION ESPECIAL | |
| 650 | 4 | _aINADAPTADOS | |
| 650 | 4 | _aINADAPTADOS | |
| 650 | 4 | _aSORDOS | |
| 650 | 4 | _aCIEGOS | |
| 650 | 4 | _aENFERMOS | |
| 650 | 4 | _aPREVENCION DE ENFERMEDADES | |
| 650 | 4 | _aPROBLEMAS DE COMPORTAMIENTO | |
| 653 | 0 | _aDISCAPACIDAD MENTAL | |
| 653 | 0 | _aPSICOPEDAGOGIA | |
| 700 | 1 |
_aDumas, Louis _eprologuista |
|
| 700 | 1 |
_aGil Novales, Ramón _etraductor |
|
| 800 | 1 | _aHeuyer, G. | |
| 800 | 1 |
_aJoulia, Pierre _edirector |
|
| 942 | _cBK | ||
| 998 | _cCarmen | ||
| 999 |
_c4324 _d4324 |
||